Lanean...
Bios Instant Notes Medicinal Chemistry
Instant Notes titles focus on core information and are designed to help undergraduate students come to grips with a subject quickly and easily. Instant Notes in Medicinal Chemistry provides concise yet comprehensive coverage for undergraduates studying medicinal chemistry as part of a science, ph...
| Egile nagusia: | |
|---|---|
| Formatua: | Printed Book |
| Argitaratua: |
Garland Science / Taylor & Francis Group
2015
|
| Edizioa: | [ Special Indian Edition ] |
| Gaiak: |
| LEADER | 01295nam a22001697a 4500 | ||
|---|---|---|---|
| 999 | |c 29549 |d 29549 | ||
| 020 | |a 9781859962077 | ||
| 082 | |a 615.19 PAT-B .PT | ||
| 100 | |a Graham Patrick | ||
| 245 | |a Bios Instant Notes Medicinal Chemistry | ||
| 250 | |a [ Special Indian Edition ] | ||
| 260 | |b Garland Science / Taylor & Francis Group |c 2015 | ||
| 300 | |a vi,278p. | ||
| 520 | |a Instant Notes titles focus on core information and are designed to help undergraduate students come to grips with a subject quickly and easily. Instant Notes in Medicinal Chemistry provides concise yet comprehensive coverage for undergraduates studying medicinal chemistry as part of a science, pharmacy, or medical course. It is a truly multidisciplinary subject involving such subject specialities as organic chemistry, pharmacology, biochemistry, physiology, microbiology, toxicology, genetics and computer modelling. This book concentrates on the fundamental principles of medicinal chemistry and assumes no more than elementary background of chemistry or biology. | ||
| 650 | |a Chemistry, Pharmaceutical. Pharmaceutical chemistry. | ||
| 942 | |c BK | ||
| 952 | |0 0 |1 0 |4 0 |6 615_190000000000000_PATB__PT |7 0 |9 32298 |a DCB |b DCB |d 2016-08-22 |l 1 |m 2 |o 615.19 PAT-B .PT |p DCB2986 |q 2021-02-12 |r 2020-10-07 |s 2020-10-07 |w 2019-07-19 |y BK | ||